‘The Guilt Complex’: Assessing How Perceptions of Guilt Impact Reintegration Experiences of Young Returnees from the FARC Across Colombia
This paper examines the first-hand narratives of young people who were former combatants of the FARC-EP (Fuerzas Armadas Revolucionarias de Colombia-Ejército del Pueblo) in Colombia and demobilised after signing the 2016 Peace Agreement. It seeks to understand how perceptions of guilt among young re...
| 1. VerfasserIn: | |
|---|---|
| Medienart: | Elektronisch Aufsatz |
| Sprache: | Englisch |
| Veröffentlicht: |
2025
|
| In: |
Journal for deradicalization
Jahr: 2025, Band: 45, Seiten: 26-66 |
| Online-Zugang: |
Volltext (kostenfrei) |
| Verfügbarkeit prüfen: | HBZ Gateway |
| Schlagwörter: |
MARC
| LEADER | 00000naa a22000002c 4500 | ||
|---|---|---|---|
| 001 | 1947607235 | ||
| 003 | DE-627 | ||
| 005 | 20251227055003.0 | ||
| 007 | cr uuu---uuuuu | ||
| 008 | 251227s2025 xx |||||o 00| ||eng c | ||
| 035 | |a (DE-627)1947607235 | ||
| 035 | |a (DE-599)KXP1947607235 | ||
| 040 | |a DE-627 |b ger |c DE-627 |e rda | ||
| 041 | |a eng | ||
| 084 | |a 2,1 |2 ssgn | ||
| 100 | 1 | |a Mitra, Arpita |e VerfasserIn |4 aut | |
| 245 | 1 | 0 | |a ‘The Guilt Complex’: Assessing How Perceptions of Guilt Impact Reintegration Experiences of Young Returnees from the FARC Across Colombia |
| 264 | 1 | |c 2025 | |
| 336 | |a Text |b txt |2 rdacontent | ||
| 337 | |a Computermedien |b c |2 rdamedia | ||
| 338 | |a Online-Ressource |b cr |2 rdacarrier | ||
| 520 | |a This paper examines the first-hand narratives of young people who were former combatants of the FARC-EP (Fuerzas Armadas Revolucionarias de Colombia-Ejército del Pueblo) in Colombia and demobilised after signing the 2016 Peace Agreement. It seeks to understand how perceptions of guilt among young returnees at institutional, individual and social levels shape their reintegration experiences. Through case studies undertaken across four cities in Colombia - Valledupar (Cesar), Medellín (Antioquia), Arauca and Bogotá - this paper contends that unresolved individual and socially inflicted guilt can impede positive reintegration into communities. Nearly a decade since the peace agreement, reintegration experiences of young returnees, including their perceptions of guilt, are conditioned by the specific context within Colombia that they originated from, as well as the environment to which they returned. Additionally, youth who were formerly a member of the FARC continue to hold the values and ideologies of the group post release. Such acquired value systems influence young people’s justifications not only for their past actions but also their present dispositions and understanding of the return and reintegration process itself. | ||
| 650 | 4 | |a Reintegration | |
| 650 | 4 | |a Combatants | |
| 650 | 4 | |a DDR | |
| 650 | 4 | |a Guilt | |
| 650 | 4 | |a Terrorism | |
| 650 | 4 | |a Youth | |
| 650 | 4 | |a FARC-EP | |
| 773 | 0 | 8 | |i Enthalten in |t Journal for deradicalization |d Berlin : Modern Security Consulting Group, MOSECON, 2014 |g 45(2025), Seite 26-66 |h Online-Ressource |w (DE-627)881149764 |w (DE-600)2886119-X |w (DE-576)484582771 |x 2363-9849 |7 nnas |
| 773 | 1 | 8 | |g volume:45 |g year:2025 |g pages:26-66 |
| 856 | 4 | 0 | |u https://journals.sfu.ca/jd/index.php/jd/article/view/1141 |x Verlag |z kostenfrei |3 Volltext |7 0 |
| 935 | |a mkri | ||
| 951 | |a AR | ||
| ELC | |a 1 | ||
| LOK | |0 000 xxxxxcx a22 zn 4500 | ||
| LOK | |0 001 4833908638 | ||
| LOK | |0 003 DE-627 | ||
| LOK | |0 004 1947607235 | ||
| LOK | |0 005 20251227043604 | ||
| LOK | |0 008 251227||||||||||||||||ger||||||| | ||
| LOK | |0 035 |a (DE-2619)KrimDok#2025-12-26#75AF829CE21DCBDDA73C8C44E1A0FE7424B94036 | ||
| LOK | |0 040 |a DE-2619 |c DE-627 |d DE-2619 | ||
| LOK | |0 092 |o n | ||
| LOK | |0 852 |a DE-2619 | ||
| LOK | |0 852 1 |9 00 | ||
| LOK | |0 935 |a zota | ||
| LOK | |0 939 |a 27-12-25 |b l01 | ||
| OAS | |a 1 | ||
| ORI | |a SA-MARC-krimdoka001.raw | ||
